Drug Enforcement Administration : (Record no. 2510)

000 -LEADER
fixed length control field nam a22 7a 4500
005 - DATE AND TIME OF LATEST TRANSACTION
control field 20170517085140.0
008 - FIXED-LENGTH DATA ELEMENTS--GENERAL INFORMATION
fixed length control field 170517b1981 wau||||| |||| 00| 0 eng d
040 ## - CATALOGING SOURCE
Original cataloging agency AKMAL
082 ## - DEWEY DECIMAL CLASSIFICATION NUMBER
Classification number 613.83 DRU
090 ## - LOCALLY ASSIGNED LC-TYPE CALL NUMBER (OCLC); LOCAL CALL NUMBER (RLIN)
Classification number (OCLC) (R) ; Classification number, CALL (RLIN) (NR) 613.83
Local cutter number (OCLC) ; Book number/undivided call number, CALL (RLIN) DRU
110 1# - MAIN ENTRY--CORPORATE NAME
Corporate name or jurisdiction name as entry element United States.
Subordinate unit Drug Enforcement Administration.
-- Office of Planning & Evaluation.
-- Management Analysis Division.
9 (RLIN) 5216
245 10 - TITLE STATEMENT
Title Drug Enforcement Administration :
Remainder of title facts sheet
260 ## - PUBLICATION, DISTRIBUTION, ETC.
Place of publication, distribution, etc. [Washington, D.C.] :
Name of publisher, distributor, etc. [U.S. Department of Justice, Drug Enforcement Administration, Office of Planning & Evaluation],
Date of publication, distribution, etc. 1981
300 ## - PHYSICAL DESCRIPTION
Extent 67p
Dimensions cm
942 ## - ADDED ENTRY ELEMENTS (KOHA)
Source of classification or shelving scheme
Koha item type Book
Holdings
Withdrawn status Lost status Source of classification or shelving scheme Damaged status Not for loan Collection code Home library Current library Shelving location Date acquired Inventory number Total Checkouts Full call number Barcode Date last seen Price effective from Koha item type
          NON-FICTION AKMAL Melaka AKMAL Melaka PINJAMAN 17.05.2017 600511   613.83 DRU 201703120 17.05.2017 17.05.2017 Book
          NON-FICTION AKMAL Melaka AKMAL Melaka PINJAMAN 17.05.2017 600506   613.83 DRU 201703119 17.05.2017 17.05.2017 Book
          NON-FICTION AKMAL Melaka AKMAL Melaka PINJAMAN 17.05.2017 600542   613.83 DRU 201703118 17.05.2017 17.05.2017 Book
          NON-FICTION AKMAL Melaka AKMAL Melaka PINJAMAN 17.05.2017 600544   613.83 DRU 201703117 17.05.2017 17.05.2017 Book
Pusat Sumber Maklumat Dato' Haji Sarmin Md Hussin, Akademi Kastam Diraja Malaysia, Melaka
Tel: 06-2331106 | Faks: 06-2313787